A practical course in terminology processing
Збережено в:
| Автор: | |
|---|---|
| Формат: | Книга |
| Мова: | Англійська |
| Опубліковано: |
Amsterdam
John Benjamins
1990
|
| Предмети: | |
| Теги: |
Додати тег
Немає тегів, Будьте першим, хто поставить тег для цього запису!
|
MARC
| LEADER | 00000nam a2200000 a 4500 | ||
|---|---|---|---|
| 001 | UCK3866 | ||
| 003 | CL-VaPUC | ||
| 008 | 050513e19900000NE |||||||||||||||||eng|d | ||
| 020 | |a 9027220778 | ||
| 082 | 0 | 4 | |a 410.285 |b SAG |2 21 |
| 100 | 0 | |a Sager, Juan C |e author |9 492215 | |
| 245 | 1 | 2 | |a A practical course in terminology processing |
| 300 | |a 258 p | ||
| 942 | |c BK | ||
| 945 | |d 20050513 00:00:00 |a cmena | ||
| 260 | |a Amsterdam |b John Benjamins |c 1990 | ||
| 650 | 0 | |a Proceso de datos |9 259776 | |
| 650 | 7 | |a TERMINOLOGIA |2 CL-VaPUC |9 254881 | |
| 650 | 0 | |a Lingüística |9 265068 | |
| 583 | |a last modification |c 20050513 00:00:00 |k Rodrigo Vera | ||
| 999 | |c 312916 |d 312914 | ||
| 952 | |0 0 |1 0 |4 0 |6 410_285000000000000_SAG_1990 |7 0 |8 A |9 383777 |a FDOPOS |b FDOPOS |d 2019-11-22 |i 4125290 |o 410.285 SAG 1990 |p 4125290 |r 2025-01-22 |w 2019-11-22 |y BK |k MLA | ||